Geographic Animals - Statistics

General Stats
  • This quiz has been taken 41 times
  • The average score is 8 of 16
Answer Stats
Picture Answer % Correct
Guinea Pig
87%
Tasmanian Devil
87%
Canada Goose
84%
African Elephant
82%
Komodo Dragon
79%
Arctic Fox
74%
Nile Crocodile
53%
Irish Setter
39%
Persian Cat
39%
Amazon River Dolphin
34%
Arabian Horse
34%
Newfoundland Dog
34%
California Condor
26%
Siamese Fighting Fish
18%
Holstein Cattle
11%
German Cockroach
5%
No matching quizzes found
Score Distribution
Percent of People with Each Score
Percentile by Number Answered
Your Score History
You have not taken this quiz